Research methods for international human rights law : (Record no. 37849)

MARC details
000 -LEADER
fixed length control field 02720cam a2200217 i 4500
020 ## - INTERNATIONAL STANDARD BOOK NUMBER
ISBN 9781138603554
041 ## - LANGUAGE CODE
Language code of text/sound track or separate title eng
082 00 - DEWEY DECIMAL CLASSIFICATION NUMBER
Classification number 341.48
Item number RES-
245 00 - TITLE STATEMENT
Title Research methods for international human rights law :
Sub Title beyond the traditional paradigm /
Statement of responsibility, etc edited by Damian Gonzalez-Salzberg and Loveday Hodson.
260 ## - PUBLICATION, DISTRIBUTION, ETC. (IMPRINT)
Place of publication UK :
Name of publisher Routledge,
Year of publication 2020.
300 ## - PHYSICAL DESCRIPTION
Number of Pages viii, 279p.
504 ## - BIBLIOGRAPHY, ETC. NOTE
Bibliography, etc Includes bibliographical references and index.
505 0# - FORMATTED CONTENTS NOTE
Formatted contents note Introduction : human rights research beyond the doctrinal approach / Damian A. Gonzalez-Salzberg & Loveday Hodson -- A Marxist approach to R.M.T. v the United Kingdom / Robert Knox -- A feminist approach to Alyne da Silva Pimentel Teixeira (deceased) v Brazil / Loveday Hodson -- A postmodern approach to Elisabeta Dano v Jobcenter Leipzig / Bal Sokhi-Bulley -- A queer approach to the advisory opinion 24/2017 / Damian Gonzalez-Salzberg -- A legal pluralistic approach to the Bakassi peninsula case / Jennifer Hendry -- A geographical approach to the Moiwana Community v Suriname / Ana Zavala-Guillen -- A historical approach to Chagos Islanders v the United Kingdom / Henry Jones -- A political approach to Lautsi and others [GC] v Italy / Dimitrios Tsarapatsanis -- An anthropological approach to MSS v Belgium and Greece / Marie-Bénédicte Dembour -- Afterword / Conor Gearty.
520 ## - SUMMARY, ETC.
Summary, etc The study and teaching of international human rights law is dominated by the doctrinal method. A wealth of alternative approaches exists, but they tend to be discussed in isolation from one another. This collection focuses on cross-theoretical discussion that brings together an array of different analytical methods and theoretical lenses that can be used for conducting research within the field. As such, it provides a coherent, accessible and diverse account of key theories and methods. A distinctive feature of this collection is that it adopts a grounded approach to international human rights law, through demonstrating the application of specific research methods to individual case studies. By applying the approach under discussion to a concrete case it is possible to better appreciate the multiple understandings of international human rights law that are missed when the field is only comprehended though the doctrinal method. Furthermore, since every contribution follows the same uniform structure, this allows for fruitful comparison between different approaches to the study of our discipline.
546 ## - LANGUAGE NOTE
Language note English.
650 #0 - SUBJECT ADDED ENTRY--TOPICAL TERM
Topical Term International law and human rights
General subdivision Cases.
650 #0 - SUBJECT ADDED ENTRY--TOPICAL TERM
Topical Term International law and human rights
General subdivision Methodology.
700 1# - ADDED ENTRY--PERSONAL NAME
Personal name Gonzalez-Salzberg, Damian A.
Relator term editor.
700 1# - ADDED ENTRY--PERSONAL NAME
Personal name Hodson, Loveday
Relator term editor.
942 ## - ADDED ENTRY ELEMENTS (KOHA)
Source of classification or shelving scheme Dewey Decimal Classification
Koha item type Books
Holdings
Withdrawn status Lost status Damaged status Not for loan Home library Current library Date acquired Source of acquisition Cost, normal purchase price Full call number Accession Number Cost, replacement price Price effective from Koha item type
        NASSDOC Library NASSDOC Library 16/03/2023 Overseas 0.00 341.48 RES- 53544 0.00 04/08/2023 Books